000 01035cam a22003137a 4500
003 CHAP
005 20220329141359.0
008 971013d1910 mx a r 00110 spa d
010 _a67309
011 _a68281
035 _a77753
040 _cCHAP
090 _aFolleto 11589
110 2 _aEstación Agrícola Central. México
_938203
245 1 0 _aGuía del vacunador para inmunizar a los ganados contra la fiebre carbonosa
_c/por la División de Veterinaria
260 _aMéxico :
_bImprenta y fototipia de la Secretaría de Fomento,
_c1910.
300 _a55 p. :
_bláms.
490 0 _aBoletín
_v; 33
590 _aBATCH-UPD
_b10
_c20130110
_lUCH01
_h1404
590 _aBATCH-UPD
_b10
_c20130410
_lUCH01
_h0854
590 _aBATCH-UPD
_b10
_c20130914
_lUCH01
_h0651
590 _aCONVERSION
_b10
_c20130109
_lUCH01
_h1337
650 1 4 _aFiebre carbonosa.
_940740
650 1 4 _aVacunas.
_9117179
830 0 _aBoletín
_v; 33
_913507
901 _aBK
942 _cFOLL
949 _aFolleto 11589
_bBC
_cBPP
_d777531
_eBPP
_i77753
_mD
_sb
999 _c67309
_d67309